Tekst piosenki "Ściernisko" - Statystyki

Ogólne statystyki
  • Ten quiz został rozwiązany 62 razy
  • Średni wynik to 9 z 14
Statystyki odpowiedzi
Tekst % Poprawnych
Tu na razie jest {ściernisko}
97%
Pole, pole, łyse pole, ale mam już {plan}
93%
Ale będzie {San} {Francisco}
92%
A tam, gdzie to {kretowisko}
86%
Będzie stał mój {bank}
76%
{Pomalutku}, bez pośpiechu, wszystko zrobię sam
75%
I samemu burmistrzowi {wstęgę} przeciąć dam
66%
Do roboty mam {smykałkę}, krzepę mam, jak wół
59%
Sam pociągnę {wóz} pustaków, choćby był bez kół
59%
Nad {makietą} się męczyłem ładnych parę lat
58%
Ale za to zwiedzać {cudo} będzie cały świat
54%
Mam to w {nosie}, że sąsiedzi mówią o mnie "świr"
54%
Już wyciąłem wszystkie {krzaki}, teraz zwożę żwir
37%
Ja nie jestem w ciemię bity, {budowlankę} znam
36%
Nie znaleziono quizów pasujących do podanych kryteriów
Rozkład punktacji
Procent ludzi z każdym wynikiem
Percentyl według liczby udzielonych odpowiedzi
Twoja historia wyników
Nie rozwiązałeś tego quizu